Architecture : From Prehistory to the Climate Emergency /

Na minha lista:
Detalhes bibliográficos
Autor principal: Calder, Barnabas (Author)
Formato: Livro
Idioma:inglês
Publicado em: London: Pelican Books / Penguin Random House UK, 2022
Edição:1. vydanie
Assuntos:
Tags: Adicionar Tag
Sem tags, seja o primeiro a adicionar uma tag!

MARC

LEADER 00000nam a22000003a 4500
001 0098799
003 SK-STU
005 20221202120915.2
007 ta
008 221202s ----xo-----e------000-0-----d
020 |a 978-0-141-97820-8 
040 |a STU  |b slo 
041 0 |a eng 
044 |a xxk 
100 1 |a Calder, Barnabas  |4 aut 
245 1 0 |a Architecture :  |b From Prehistory to the Climate Emergency /  |c aut. Barnabas Calder 
250 |a 1. vydanie 
260 |a London:  |b Pelican Books / Penguin Random House UK,  |c 2022 
300 |a 547 s. 
650 0 7 |a dejiny architektúry 
650 0 7 |a dejiny umenia 
650 0 7 |a slohy architektonické 
650 0 7 |a Architectural History 
996 |b 284AU09452  |c A* 12795/U  |l AAKNST  |s P  |a 0  |w 0098799_0001 
996 |b 284AU09453  |c A* 12796/U  |l AAKNAR  |s A  |a 24  |w 0098799_0002